Wolverhampton Wanderers Squad 2024-2025 - Statistics

General Stats
  • This quiz has been taken 198 times
    95 since last reset
  • The average score is 23 of 34
Answer Stats
# Position Nation Player % Correct
11 FW South Korea Hee-chan Hwang
100%
1 GK Portugal José Sá
100%
10 FW Brazil Matheus Cunha
94%
3 DF Algeria Rayan Aït-Nouri
94%
5 MF Gabon Mario Lemina
92%
2 DF Ireland Matt Doherty
92%
9 FW Norway Jørgen Strand Larsen
90%
8 MF Brazil João Gomes
88%
19 MF Portugal Rodrigo Gomes
88%
21 FW Spain Pablo Sarabia
81%
22 DF Portugal Nélson Semedo
77%
4 DF Uruguay Santiago Bueno
73%
5 MF Zimbabwe Marshall Munetsi
71%
14 DF Colombia Yerson Mosquera
71%
7 MF Brazil André
69%
24 DF Portugal Toti
69%
- Coach Portugal Vítor Pereira
69%
6 MF Mali Boubacar Traoré
67%
15 DF England Craig Dawson
67%
27 MF France Jean-Ricner Bellegarde
67%
12 DF Ivory Coast Emmanuel Agbadou
65%
- Coach England Gary O'Neil
63%
18 FW Austria Saša Kalajdžić
62%
29 FW Portugal Gonçalo Guedes
60%
20 MF England Tommy Doyle
60%
31 GK England Sam Johnstone
54%
25 GK England Daniel Bentley
48%
30 FW Paraguay Enso González
46%
26 FW Portugal Carlos Forbs
40%
40 GK Wales Tom King
38%
37 DF Brazil Pedro Lima
35%
34 DF Burkina Faso Nasser Djiga
31%
39 MF England Luke Cundle
21%
33 DF France Bastien Meupiyou
19%
No matching quizzes found
Score Distribution
Percent of People with Each Score
Percentile by Number Answered
Your Score History
You have not taken this quiz since the last reset